Представление документа в формате RUSMARC

ПолеНазваниеЗначение
  Тип записи a
  Библиографический уровень m
001 Контрольный номер RU\NLR\BIBL_A\012304837
005 Дата корректировки 20231006141646.3
010 Индекс ISBN __
a ISBN 978-5-17-120721-2 (в пер.)
d Цена 325-17, 3000 экз.
021 № государственной регистрации __
b № документа 2020-18031
100 Данные общей обработки __
a Данные общей обработки 19200730d2020 |||y0rusy0189 ca
101 Язык документа 0_
a Язык текста rus
102 Страна публикации __
a Страна публикации RU
102 Страна публикации __
a Страна публикации RU
105 Кодированные данные (монография) __
a Кодированные данные (монография) a ||||000zy
200 Заглавие и сведения об ответственности 1_
a Заглавие Ноутбук. Умный самоучитель для начинающих
e Сведения, относящиеся к заглавию просто и понятно : [начинаем с азов, только самая нужная информация]
f Первые сведения об ответственности Сергей Лавров
203 Вид содержания и тип средства __
a Вид содержания Текст
c Тип средства непосредственный
210 Выходные данные __
a Место издания Москва
c Издательство АСТ
c Издательство Прайм
d Дата издания 2020
215 Физическое описание __
a Объем 331 с.
c Иллюстрации/тип воспроизводства ил.
d Формат 22 см
225 Серия __
a Серия Умный самоучитель
330 Аннотация __
a Аннотация Вы собираетесь купить или уже купили ноутбук, но боитесь, что не справитесь с этой техникой? К сожалению, большинство книг на компьютерную тематику предназначены для тех, кто умеет выполнять элементарные действия, работать с распространенными программами. Новичку эти книги не помогут. У вас в руках самоучитель, который написан специально для тех, кто не имеет никакого опыта работы на ноутбуке, не знает ни одного термина и даже не знает, как включить и выключить ноутбук. Следуя очень простым и подробным инструкциям, вы очень скоро сможете смотреть любимые сериалы, писать письма, сохранять и отправлять родным и друзьям фото, искать информацию в сети Интернет, бесплатно звонить по всему миру и совершать покупки в интернет-магазинах. И все это - без сложных слов и ненужных подробностей! Эта книга научит любого - от пяти до 105 лет.
517 Другие варианты заглавия __
a Другие варианты заглавия Умный самоучитель для начинающих
606 Тематические рубрики __
a Основная рубрика Вычислительная техника
606 Тематические рубрики __
a Основная рубрика Виды компьютеров
610 Ключевые слова __
a Ключевые слова портативные компьютеры
610 Ключевые слова __
a Ключевые слова ноутбуки
610 Ключевые слова __
a Ключевые слова компьютерная грамотность
610 Ключевые слова __
a Ключевые слова операционные системы
610 Ключевые слова __
a Ключевые слова файлы
610 Ключевые слова __
a Ключевые слова папки
610 Ключевые слова __
a Ключевые слова графические редакторы
610 Ключевые слова __
a Ключевые слова обработка фотографий
610 Ключевые слова __
a Ключевые слова Интернет
610 Ключевые слова __
a Ключевые слова учетные записи
610 Ключевые слова __
a Ключевые слова социальные сети
610 Ключевые слова __
a Ключевые слова покупки в Интернете
686 Индексы других классификаций __
2 Код системы rubbks
a Классификационный индекс 32.971.321.421я78; ст32.971.321.4я78
700 Автор _1
a Фамилия Лавров
b Имя С. И.
g Полное личное имя Сергей Иванович
4 Код отношения 070
801 Источник записи _0
a Страна RU
b Организация NLR
c Дата составления 20200730
g Правила каталогизации PSBO
801 Источник записи _2
a Страна RU
b Организация Муниципальное бюджетное учреждение культуры "Централизованная библиотечная система" г. Сургут (Центральная городская библиотека им. А. С. Пушкина)
c Дата составления 20200730
852 Данные о местонахождении __
j Шифр хранения 32.971.321.421я78
i Авторский знак Л 13
901 Тип документа __
a Ответственный КиК/Котельникова
t Тип документа m
903 Характеристики (МАРС) __
a Дата передачи 20201027
911 __
u 336a=Текст
911 __
u 337a=непосредственный
969 Тип издания __
a Тип издания самоучитель
990 Данные о заказе (DOS) __
j Количество экземпляров (DOS) 5
t N записи в КСУ для И/У (DOS) 202011